000 00278nam a22001337a 4500
008 170328b xxu||||| |||| 00| 0 eng d
020 _a9780073523781
041 _aeng
080 _a796.3
100 _a8
101 _ashm
245 _aVOLEYBALL
_cBERTOLI, J
942 _2udc
_cBK
999 _c8780
_d8780